00674nam a2200229Ia 4500001000900000003000500009005001700014008004100031010001100072020001800083040000900101082002200110100002300132245010100155260003500256300001100291500003400302504003100336650002900367650002200396700002600418dia_5278CHAP20251023173052.0220117s2004 xx 000 0 und d a176187 a970-15-0941-2 cCHAP a621.3815 P84 2004 aPueyo, Héctor O. aCircuitos eléctricos : análisis de modelos circuitales /c Héctor O. Pueyo y Carlos Marco aMéxico :b Alfaomega,c2004 a627 p. aLa biblioteca tiene el Tomo 2 aBibliografía: p. 625-627 aCircuitos eléctricos  aElectric circuits aMarco, Carlos, coaut.